000 00340nam a2200145Ia 4500
008 191201s2007 xx 000 0 und d
082 _a004.19
_bMAC
100 _aMADAN,Sushila
245 0 _aComputer Based Information System
250 _a3rd
260 _aN. Delhi
_bTaxmann,s
_c2007
300 _a191
650 _aBBA
942 _2ddc
_cBK
999 _c4463
_d4463